000 00676nam a2200229 4500
005 20250624112348.0
010 _aENG-145431
020 _a9789361633133
_c220.00
035 _aEN-128963
037 _bDBAD
082 _a621
_21
100 _aArunkumar M
_982255
245 _aDesign of Mechatronics Systems/
_cArunkumar M...[et.al]
250 _a1
260 _aMadurai
_bShanlax Publications
_c2024
270 _a61,66 Vasantha Nagar
_bMadurai
_e625003
_mshanlaxpublications@gmail.com
300 _a134p.
_c22cm(Pb)
700 _aPrabhu T
_982256
700 _aKumaresan m
_982257
700 _aNiveatha Saro V
_982258
942 _2ddc
_cEN
_h621
_mARU
999 _c211907
_d211907